Online Catalogue and eLibrary

Thamil ilakkiyankal samuthaya adaiyalankal (Record no. 4017)

MARC details
000 -LEADER
fixed length control field 00383nam a2200145Ia 4500
005 - DATE AND TIME OF LATEST TRANSACTION
control field 20250317150559.0
008 - FIXED-LENGTH DATA ELEMENTS--GENERAL INFORMATION
fixed length control field 240331s9999 xx 000 0 und d
082 ## - DDC Classification
Item Number - Author Mark JOT
Class No. 894
100 ## - MAIN ENTRY--PERSONAL NAME
Personal name Jothirani, K.A
245 #0 - TITLE STATEMENT
Title Thamil ilakkiyankal samuthaya adaiyalankal
260 ## - PUBLICATION, DISTRIBUTION, ETC.
Place of publication, distribution, etc. Chennai
Name of publisher, distributor, etc. Kavya Books
Date of publication, distribution, etc. 2004
300 ## - PHYSICAL DESCRIPTION
Extent (e.g. Volumes, Pages etc.) 54 p .,
500 ## - GENERAL NOTE
General note sanga ilakkiyam varaka pakuppum
942 ## - Koha item type (Biblio)
Koha item type Books in Stacks (Lending)
Holdings
Lost status Damaged status Collection code Home library Current library Shelving location Date acquired Full call number Accession Number Item type
    Lending WERC Library WERC Library Social Science Cupboard 03/31/2024 894.811 JOT 1981 Books in Stacks (Lending)

© WERC Library